Score 0/46 Timer 05:00
0 Plays Today
Hint 4-Letter Word % Correct
≋ Largest whale ≋BLUE
94.4%
Liquid adhesiveGLUE
94%
Speak to GodPRAY
92.4%
≋ Hump____ whale ≋BACK
91.1%
Shut forcefullySLAM
90.8%
Lacking wealthPOOR
90.6%
ListenHEAR
89.3%
Not anyNONE
88.2%
Diploma recipient (abbrev)GRAD
88.1%
Thick, flat piece of concreteSLAB
87.7%
HappyGLAD
87.7%
Bound reading materialBOOK
87.4%
≋ Bottle____ dolphin ≋NOSE
87.1%
≋ Common California whale ≋GRAY
85.6%
Baby carriage in UKPRAM
85.5%
SolitaryLONE
85%
T. Rex rock styleGLAM
84.3%
'Dracula' author StokerBRAM
84.2%
Uncouth personBOOR
83.1%
Strong, dark beerBOCK
82.3%
Downcast and dejectedGLUM
81.7%
Stockings, socks, etc.HOSE
81.3%
Supporting timber (e.g. joist)BEAM
81.2%
Hint 4-Letter Word % Correct
Highway divisionLANE
80.5%
Necklace componentBEAD
79.8%
Make unclearBLUR
79.2%
Copenhagen residentDANE
78.6%
To decantPOUR
77.3%
≋ Bow____ whale ≋HEAD
75.4%
Insult, slanderSLUR
74.4%
Canadian singer k.d.LANG
72.7%
Slovenly sluggardSLOB
71.9%
≋ ____-beaked common dolphin ≋LONG
71.2%
Radiance of lightGLOW
65.1%
Haughty personSNOB
62.4%
Broad valleyDALE
62.2%
≋ Cetacean breathing aparatus: [with first rung]____HOLE
62.1%
≋ Cetacean breathing aparatus: ____[with last rung] ≋BLOW
62.1%
Latch onto somethingGLOM
61.2%
HesitateBALK
61.2%
GalaBALL
58.7%
≋ ____glass dolphin ≋HOUR
55.9%
Gray-haired with ageHOAR
55.1%
Bump in yarnSLUB
48.9%
≋ ____'s porpoise ≋DALL
48.1%
≋ Australian ____fin Dolphin ≋SNUB
46.5%

Today's Daily Dose

Remove Ads.
Support Sporcle.
Get the best of Sporcle when you Go Orange. This ad-free experience offers more features, more stats, and more fun while also helping to support Sporcle. Thank you for becoming a member.

You're not logged in!

Compare scores with friends on all Sporcle quizzes.
OR
Log In

Show Comments

Extras

Top Quizzes Today


Score Distribution

Your Account Isn't Verified!

In order to create a playlist on Sporcle, you need to verify the email address you used during registration. Go to your Sporcle Settings to finish the process.

Report this User

Report this user for behavior that violates our Community Guidelines.

Details: